Microwave Engineering (Record no. 241243)

MARC details
000 -LEADER
fixed length control field 00560nam a22001937a 4500
005 - DATE AND TIME OF LATEST TRANSACTION
control field 20260415114600.0
008 - FIXED-LENGTH DATA ELEMENTS--GENERAL INFORMATION
fixed length control field 260415b |||||||| |||| 00| 0 eng d
020 ## - INTERNATIONAL STANDARD BOOK NUMBER
International Standard Book Number 9789388178723
040 ## - CATALOGING SOURCE
Transcribing agency AL
041 ## - LANGUAGE CODE
Language code of text/sound track or separate title English
082 ## - DEWEY DECIMAL CLASSIFICATION NUMBER
Classification number 621.3813
Item number KRIM
100 ## - MAIN ENTRY--PERSONAL NAME
Personal name V Krishnamurthi
100 ## - MAIN ENTRY--PERSONAL NAME
9 (RLIN) 261620
245 ## - TITLE STATEMENT
Title Microwave Engineering
260 ## - PUBLICATION, DISTRIBUTION, ETC.
Place of publication, distribution, etc. New Delhi
Name of publisher, distributor, etc. CBS Publishers and distributors Pvt Ltd
Date of publication, distribution, etc. 2019
300 ## - PHYSICAL DESCRIPTION
Extent 511 p.
Other physical details PB
Dimensions 24x17 cm.
365 ## - TRADE PRICE
Price type code VBI-2645
Price amount ₹326.25
Currency code
Unit of pricing ₹435.00
Price note 25%
Price effective from 20-02-2026
650 ## - SUBJECT ADDED ENTRY--TOPICAL TERM
Topical term or geographic name entry element Microwaves
9 (RLIN) 261621
942 ## - ADDED ENTRY ELEMENTS (KOHA)
Source of classification or shelving scheme Dewey Decimal Classification
Koha item type Book
Holdings
Withdrawn status Lost status Source of classification or shelving scheme Damaged status Not for loan Collection code Home library Current library Date acquired Source of acquisition Cost, normal purchase price Total Checkouts Full call number Barcode Date last seen Cost, replacement price Price effective from Koha item type
    Dewey Decimal Classification     Electronics and Communication Engineering St Aloysius Engineering Library St Aloysius Engineering Library 04/07/2026 Vidyathri Books, Bengaluru-560076 326.35   621.3813 KRIM SE000461 04/15/2026 435.00 02/20/2026 Book